000 00581nam a2200205Ia 4500
003 OSt
005 20220926022046.0
006 a|||||r|||| 00| 0
007 ta
008 220923b |||||||| |||| 00| 0 eng d
037 _cGeneral Book
040 _aRTL
_cRTL
_beng
041 _2eng
_aeng
082 _aX:31-8Fn,1N45,N80s, M0.2
245 0 _aYear book of national accounts statistics 1980
260 _aNew York
_bUnited Nations
_c1982
300 _avi;761p
_ccm.
942 _hX:31-8Fn,1N45,N80s, M0.2
_cGB
_2CC
999 _c638369
_d638369